000
00323nam a22001337a 4500
005
20190226113012.0
008
190226b xxu||||| |||| 00| 0 eng d
022
_a
07052018
100
_a
De Kalidas
_9
4897
245
_a
Man Making Education Need of the Hour
260
_b
New Bengal Printers
300
_a
381
942
_c
BK
999
_c
5769
_d
5767